[Event "Manila Pichay Cup 6th"]
[Site "Manila"]
[Date "2010.08.22"]
[Round "3"]
[White "Gelashvili, Tamaz"]
[Black "Nadera, Barlo A"]
[Result "1-0"]
[WhiteElo "2605"]
[BlackElo "2419"]
[PlyCount "65"]
[EventDate "2010.08.21"]
[EventType "swiss"]
[EventRounds "9"]
[EventCountry "PHI"]
[SourceTitle "CBM 138 Extra"]
[Source "ChessBase"]
[SourceDate "2010.10.29"]
[SourceVersion "1"]
[SourceVersionDate "2010.10.29"]
[SourceQuality "1"]

1. Nf3 Nf6 2. e3 d5 3. b3 c6 4. Bb2 Nbd7 5. d4 e6 6. Nbd2 a5 7. a4 b6 8. Bd3 Bb7 9. 0-0 Be7 10. Ne5 Nxe5 11. dxe5 Nd7 12. c4 Nc5 13. Be2 0-0 14. cxd5 cxd5 15. Nf3 f6 16. Rc1 Rc8 17. Bb5 fxe5 18. Nxe5 Bd6 19. f4 Rc7 20. Bd4 Qe7 21. Qh5 Rf5 22. Qh3 Rf6 23. Rc3 Rh6 24. Qg4 Rh4 25. Qe2 Ne4 26. Rxc7 Bxc7 27. Bd3 Ba6 28. Bxa6 Rxh2 29. Kxh2 Qh4+ 30. Kg1 Bxe5 31. Rf3 Bd6 32. Rh3 Qe7 33. Bd3 1-0